000 00769nam a2200289 a 4500
003 AR-BaBNM
005 20251128203531.0
008 082120s2002 ||||||||||||||000 | spa||
040 _cAR-BaBNM
100 1 _aLusán, Pedro
_cS.D.B.
245 0 0 _aIngrediar
_bcurso teórico-práctico de latín : morfología
250 _a7ª ed.
260 _aBuenos Aires
_bDon Bosco Argentina
_c1963
300 _a301 p.
500 _aContiene tabla alfabética de materias en p. 297
650 4 _aGRAMATICA
650 4 _aFONOLOGIA
650 4 _aFILOLOGIA
650 4 _aLATIN
650 4 _aMORFOLOGIA [LINGÜISTICA]
650 4 _aSINTAXIS
650 4 _aSEMANTICA
650 4 _aENSEÑANZA DE IDIOMAS
653 _aGRAMATICA LATINA
942 _cBK
998 _cMARTIN
999 _c3822
_d3822